[Event "Plzen Calliditas op"]
[Site "Plzen"]
[Date "2023.08.24"]
[Round "7"]
[White "Olbrich, Joachim"]
[Black "Mutinsky, Jakub"]
[Result "1/2-1/2"]
[WhiteElo "2107"]
[BlackElo "1658"]
[PlyCount "84"]
[EventDate "2023.08.19"]
[EventType "swiss"]
[EventRounds "9"]
[EventCountry "CZE"]
[SourceTitle "EXT 2024"]
[Source "ChessBase"]
[SourceDate "2023.10.10"]
[SourceVersion "1"]
[SourceVersionDate "2023.10.10"]
[SourceQuality "1"]

1. e4 c5 2. Nc3 e6 3. Nge2 Nc6 4. g3 d5 5. exd5 exd5 6. d4 Nf6 7. Bg2 cxd4 8. Nxd4 Bc5 9. Be3 Qe7 10. 0-0 Be6 11. Re1 Nxd4 12. Bxd4 0-0 13. Ne2 Bb4 14. c3 Bd6 15. Qb3 Ne4 16. Rad1 b6 17. Qc2 Qb7 18. Bxe4 dxe4 19. Bxg7 Kxg7 20. Rxd6 Bg4 21. Qd2 Qe7 22. Qf4 f5 23. Nd4 Rf6 24. Rxf6 Qxf6 25. f3 Bxf3 26. Nxf5+ Kh8 27. Nd4 Qxf4 28. gxf4 Rg8+ 29. Kf1 Rg2 30. Nxf3 exf3 31. Re8+ Kg7 32. Re7+ Kg6 33. Rxa7 Rxh2 34. b4 Kf5 35. Rf7+ Ke4 36. a4 Ke3 37. Re7+ Kxf4 38. a5 bxa5 39. bxa5 Kg3 40. Rg7+ Kf4 41. Rf7+ Kg3 42. Rg7+ Kf4 1/2-1/2

[Event "Plzen Calliditas op"]
[Site "Plzen"]
[Date "2023.08.21"]
[Round "4"]
[White "Koper, Stefan"]
[Black "Olbrich, Joachim"]
[Result "1/2-1/2"]
[WhiteElo "1720"]
[BlackElo "2107"]
[PlyCount "55"]
[EventDate "2023.08.19"]
[EventType "swiss"]
[EventRounds "9"]
[EventCountry "CZE"]
[SourceTitle "EXT 2024"]
[Source "ChessBase"]
[SourceDate "2023.10.10"]
[SourceVersion "1"]
[SourceVersionDate "2023.10.10"]
[SourceQuality "1"]

1. d4 c5 2. d5 e5 3. c4 d6 4. e4 g6 5. Bd3 Bg7 6. Nc3 Ne7 7. h4 h6 8. h5 g5 9. g4 Na6 10. f3 Nc7 11. a4 b6 12. Bd2 Bd7 13. Nge2 a6 14. Ng3 Rb8 15. Nf5 Nxf5 16. exf5 b5 17. axb5 axb5 18. Ne4 Ke7 19. Ba5 bxc4 20. Bxc4 Bb5 21. b3 Qd7 22. 0-0 Rb7 23. Qd3 Rhb8 24. Ra3 f6 25. Bxc7 Qxc7 26. Rfa1 Qb6 27. Nd2 Bf8 28. Kf1 1/2-1/2

[Event "Plzen Calliditas op"]
[Site "Plzen"]
[Date "2023.08.21"]
[Round "3"]
[White "Olbrich, Joachim"]
[Black "Hlavac, Rudolf"]
[Result "1/2-1/2"]
[WhiteElo "2107"]
[BlackElo "1856"]
[PlyCount "84"]
[EventDate "2023.08.19"]
[EventType "swiss"]
[EventRounds "9"]
[EventCountry "CZE"]
[SourceTitle "EXT 2024"]
[Source "ChessBase"]
[SourceDate "2023.10.10"]
[SourceVersion "1"]
[SourceVersionDate "2023.10.10"]
[SourceQuality "1"]

1. e4 c5 2. Nc3 Nc6 3. g3 g6 4. Bg2 Bg7 5. d3 d6 6. Nh3 e5 7. 0-0 Nge7 8. f4 Nd4 9. fxe5 dxe5 10. Bg5 h6 11. Be3 0-0 12. Qd2 Kh7 13. Nd1 b6 14. c4 Be6 15. Nhf2 Qd7 16. Nc3 Rad8 17. Nd5 f5 18. Rae1 Rf7 19. Nd1 Ndc6 20. N1c3 Ng8 21. Rf2 Nf6 22. Nxf6+ Rxf6 23. Nd5 Rf7 24. Ref1 Rdf8 25. a3 Ne7 26. b4 cxb4 27. axb4 Bxd5 28. exd5 Rd8 29. d4 exd4 30. Bxd4 Bxd4 31. Qxd4 b5 32. Rd2 bxc4 33. Qxc4 Qd6 34. Re1 Qb6+ 35. Qc5 Rd6 36. Re5 Ng8 37. Rde2 Rc7 38. Qxb6 axb6 39. Ra2 Kg7 40. Bf1 Nf6 41. Bg2 Ne4 42. Bxe4 fxe4 1/2-1/2

[Event "Bezirksliga Oberbayern 1819"]
[Site "Bayern"]
[Date "2019.02.03"]
[Round "6.4"]
[White "Wurster, Axel"]
[Black "Olbrich, Joachim"]
[Result "0-1"]
[WhiteElo "1941"]
[BlackElo "2026"]
[PlyCount "100"]
[EventDate "2018.10.21"]
[EventType "team-tourn"]
[EventRounds "9"]
[EventCountry "GER"]
[SourceTitle "EXT 2022"]
[Source "ChessBase"]
[SourceDate "2021.10.06"]
[SourceVersion "1"]
[SourceVersionDate "2021.10.06"]
[SourceQuality "1"]
[WhiteTeam "Gauting"]
[BlackTeam "Germering"]
[WhiteTeamCountry "GER"]
[BlackTeamCountry "GER"]

1. d4 d5 2. c4 c6 3. Nf3 Nf6 4. Nc3 e6 5. Qc2 Nbd7 6. Bg5 Be7 7. e3 0-0 8. Rd1 Re8 9. Be2 a5 10. a3 h6 11. Bh4 Nf8 12. Ne5 N6d7 13. Bxe7 Rxe7 14. f4 Nf6 15. c5 N6d7 16. 0-0 f6 17. Ng6 Nxg6 18. Qxg6 Qe8 19. Qxe8+ Rxe8 20. e4 f5 21. Bh5 Re7 22. e5 Kh7 23. Na4 b5 24. cxb6 Ba6 25. Rf2 Bb5 26. b7 Rb8 27. Nc3 Rxb7 28. Nxb5 Rxb5 29. Rc1 Nb8 30. Rfc2 g6 31. Be2 Rb3 32. Kf2 Reb7 33. Rc5 Rxb2 34. Rxa5 g5 35. fxg5 hxg5 36. Rac5 Ra2 37. R5c3 Rbb2 38. Re1 Kg6 39. g3 g4 40. Ke3 Kf7 41. a4 Rxa4 42. h4 gxh3 43. Bh5+ Ke7 44. Rh1 h2 45. Kf4 Rxd4+ 46. Kg5 Rg2 47. Ra3 Rdd2 48. Rb1 Rb2 49. Ra7+ Nd7 50. Ra8 Nxe5 0-1

[Event "Regionalliga SO 1617"]
[Site "Bayern"]
[Date "2017.04.02"]
[Round "8.5"]
[White "Boes, Christoph"]
[Black "Olbrich, Joachim"]
[Result "1/2-1/2"]
[WhiteElo "1994"]
[BlackElo "1998"]
[PlyCount "102"]
[EventDate "2016.10.16"]
[EventType "team-tourn"]
[EventRounds "9"]
[EventCountry "GER"]
[SourceTitle "EXT 2019"]
[Source "ChessBase"]
[SourceDate "2018.10.10"]
[SourceVersion "1"]
[SourceVersionDate "2018.10.10"]
[SourceQuality "1"]
[WhiteTeam "Trostberg"]
[BlackTeam "Germering"]
[WhiteTeamCountry "GER"]
[BlackTeamCountry "GER"]

1. e4 c5 2. Nc3 e6 3. f4 Nc6 4. Nf3 d6 5. Bb5 a6 6. Bxc6+ bxc6 7. 0-0 Ne7 8. d3 Bd7 9. Qe1 g6 10. Bd2 Bg7 11. Rb1 0-0 12. Na4 Nc8 13. e5 Qc7 14. Bc3 Qa7 15. Kh1 d5 16. b3 Rb8 17. Qf2 Rb5 18. Bb2 Re8 19. c4 Rb8 20. Nxc5 Ra8 21. Bd4 Qc7 22. Qh4 Ne7 23. g4 Bc8 24. Na4 dxc4 25. dxc4 c5 26. Nxc5 Nc6 27. Be3 Nb4 28. Qf2 Bf8 29. Ne4 Bb7 30. Nf6+ Kg7 31. Nxe8+ Rxe8 32. Rbd1 Rd8 33. Rxd8 Qxd8 34. Qd2 Qh4 35. Qg2 Qd8 36. Qe2 Qh4 37. Qg2 Qd8 38. Qe2 Qh4 39. Rg1 Nd3 40. Rg3 Qd8 41. Kg1 Nc5 42. Nd2 Nd3 43. Nb1 Bb4 44. a3 Be1 45. Nd2 Bxg3 46. hxg3 Qd7 47. Qh2 Ne1 48. Kf2 Nd3+ 49. Kg1 Ne1 50. Kf2 Nd3+ 51. Kg1 Ne1 1/2-1/2

[Event "Regionalliga SO 1516"]
[Site "Bayern"]
[Date "2016.01.31"]
[Round "6.5"]
[White "Olbrich, Joachim"]
[Black "Guggenberger, Guido"]
[Result "1-0"]
[WhiteElo "1998"]
[BlackElo "1908"]
[PlyCount "83"]
[EventDate "2015.10.11"]
[EventType "team-tourn"]
[EventRounds "9"]
[EventCountry "GER"]
[SourceTitle "EXT 2018"]
[Source "ChessBase"]
[SourceDate "2017.10.13"]
[SourceVersion "1"]
[SourceVersionDate "2017.10.13"]
[SourceQuality "1"]
[WhiteTeam "Germering"]
[BlackTeam "Tegernsee"]
[WhiteTeamCountry "GER"]
[BlackTeamCountry "GER"]

1. e4 e5 2. Nf3 Nc6 3. Bb5 a6 4. Ba4 Nf6 5. Qe2 b5 6. Bb3 Be7 7. c3 d5 8. d3 0-0 9. Nbd2 Re8 10. Nf1 Na5 11. Bc2 c5 12. Ng3 Bf8 13. 0-0 Nc6 14. a4 b4 15. Bg5 dxe4 16. Nxe4 Be7 17. Bxf6 gxf6 18. Ng3 f5 19. Rfe1 Qd5 20. Nd2 Bf6 21. Bb3 Qd7 22. Nc4 Rb8 23. a5 bxc3 24. Nb6 Nd4 25. Qd1 Rxb6 26. axb6 Nxb3 27. Qxb3 cxb2 28. Qxb2 Bb7 29. f3 Qxd3 30. Rad1 Qb5 31. Qa2 Qxb6 32. Nxf5 c4+ 33. Kh1 Qb3 34. Qf2 c3 35. Qg3+ Kf8 36. Rd6 Re6 37. Rd7 Bc6 38. Rc7 Qb8 39. Nh6 Qxc7 40. Qg8+ Ke7 41. Qxf7+ Kd6 42. Nf5+ 1-0

[Event "Regionalliga SO 1516"]
[Site "Bayern"]
[Date "2016.01.17"]
[Round "5.5"]
[White "Loder, Wilhelm"]
[Black "Olbrich, Joachim"]
[Result "1-0"]
[WhiteElo "2016"]
[BlackElo "1998"]
[PlyCount "83"]
[EventDate "2015.10.11"]
[EventType "team-tourn"]
[EventRounds "9"]
[EventCountry "GER"]
[SourceTitle "EXT 2018"]
[Source "ChessBase"]
[SourceDate "2017.10.13"]
[SourceVersion "1"]
[SourceVersionDate "2017.10.13"]
[SourceQuality "1"]
[WhiteTeam "Ilmmuenster"]
[BlackTeam "Germering"]
[WhiteTeamCountry "GER"]
[BlackTeamCountry "GER"]

1. e4 c5 2. Nf3 e6 3. d4 cxd4 4. Nxd4 Nf6 5. Nc3 Bb4 6. e5 Nd5 7. Bd2 0-0 8. Nxd5 Bxd2+ 9. Qxd2 exd5 10. 0-0-0 Nc6 11. Nf5 d6 12. Nxd6 Be6 13. f4 f6 14. f5 fxe5 15. fxe6 Qxd6 16. Qxd5 Qe7 17. Bc4 Rf4 18. Bb3 a5 19. a3 Nd4 20. Qxe5 Nxb3+ 21. cxb3 Rf6 22. Rhe1 Re8 23. Qxa5 Rf2 24. Qd5 Qf6 25. e7+ Kh8 26. Qe5 Qg6 27. Qe4 Qg5+ 28. Kb1 Qf6 29. Qe5 Rxg2 30. Qxf6 gxf6 31. Rd8 Rgg8 32. Rd7 b5 33. a4 bxa4 34. bxa4 Kg7 35. Rg1+ Kf7 36. Re1 Rg2 37. a5 f5 38. b4 Rg4 39. Rb7 Re4 40. Rxe4 fxe4 41. Kc2 Ke6 42. a6 1-0

[Event "Regionalliga SO 1415"]
[Site "Bayern"]
[Date "2015.02.22"]
[Round "7.4"]
[White "Olbrich, Joachim"]
[Black "Hinterreiter, Markus"]
[Result "0-1"]
[WhiteElo "1998"]
[BlackElo "2106"]
[PlyCount "94"]
[EventDate "2014.10.19"]
[EventType "team-tourn"]
[EventRounds "9"]
[EventCountry "GER"]
[SourceTitle "EXT 2018"]
[Source "ChessBase"]
[SourceDate "2017.10.13"]
[SourceVersion "1"]
[SourceVersionDate "2017.10.13"]
[SourceQuality "1"]
[WhiteTeam "Germering"]
[BlackTeam "Trostberg"]
[WhiteTeamCountry "GER"]
[BlackTeamCountry "GER"]

1. e4 e5 2. Bc4 Nf6 3. Nf3 Nxe4 4. Nxe5 d5 5. Qe2 Be6 6. Bd3 Bd6 7. Nf3 Nc5 8. Bf5 0-0 9. Bxe6 Re8 10. 0-0 Nxe6 11. Qd1 c5 12. d3 Nc6 13. c3 d4 14. Nbd2 dxc3 15. bxc3 Be5 16. Ne4 f5 17. Neg5 Qd5 18. Nxe6 Rxe6 19. Qc2 Nb4 20. Qd2 Nxd3 21. c4 Qxc4 22. Rb1 Bf4 23. Qd1 Nxc1 24. Rxc1 Bxc1 25. Qxc1 Qxc1 26. Rxc1 b6 27. Kf1 Rd8 28. g3 h6 29. h4 g6 30. Rc3 Kf7 31. Ra3 a5 32. Rb3 a4 33. Rb2 Rd1+ 34. Kg2 Kg7 35. Rc2 Rd3 36. Rc4 Re4 37. Rc2 a3 38. Ng1 Rb4 39. Re2 Rb2 40. Re6 c4 41. Nh3 Kf7 42. Rc6 Rd4 43. h5 gxh5 44. Rxh6 c3 45. Rc6 c2 46. Ng5+ Ke7 47. Nf3 Rd1 0-1

[Event "Regionalliga SO 1415"]
[Site "Bayern"]
[Date "2015.01.18"]
[Round "5.4"]
[White "Olbrich, Joachim"]
[Black "Lettl, Gerhard"]
[Result "0-1"]
[WhiteElo "1998"]
[BlackElo "2001"]
[PlyCount "68"]
[EventDate "2014.10.19"]
[EventType "team-tourn"]
[EventRounds "9"]
[EventCountry "GER"]
[SourceTitle "EXT 2018"]
[Source "ChessBase"]
[SourceDate "2017.10.13"]
[SourceVersion "1"]
[SourceVersionDate "2017.10.13"]
[SourceQuality "1"]
[WhiteTeam "Germering"]
[BlackTeam "Tegernsee"]
[WhiteTeamCountry "GER"]
[BlackTeamCountry "GER"]

1. e4 e5 2. Bc4 Nf6 3. Qe2 Nc6 4. Nf3 Bc5 5. c3 d6 6. d3 Qe7 7. Nbd2 0-0 8. Nf1 Be6 9. Bb5 h6 10. Ng3 Bb6 11. 0-0 Bg4 12. h3 Nh5 13. Nxh5 Bxh5 14. g4 Bg6 15. Bxc6 bxc6 16. Kg2 d5 17. Kg3 Bc5 18. Nh4 Bd6 19. Qf3 Qe6 20. Bd2 Rad8 21. b3 Be7 22. Rad1 Bxh4+ 23. Kxh4 dxe4 24. dxe4 f5 25. exf5 Bxf5 26. Be3 Bd3 27. Qg2 Bxf1 28. Rxf1 Rd3 29. Rc1 e4 30. g5 hxg5+ 31. Qxg5 Rf5 32. Qg3 Qf6+ 33. Bg5 Rxg5 34. Qxg5 Rxh3+ 0-1

[Event "Regionalliga SO 1415"]
[Site "Bayern"]
[Date "2014.11.23"]
[Round "3.4"]
[White "Lippert, Frank"]
[Black "Olbrich, Joachim"]
[Result "1-0"]
[WhiteElo "2038"]
[BlackElo "1998"]
[PlyCount "121"]
[EventDate "2014.10.19"]
[EventType "team-tourn"]
[EventRounds "9"]
[EventCountry "GER"]
[SourceTitle "EXT 2018"]
[Source "ChessBase"]
[SourceDate "2017.10.13"]
[SourceVersion "1"]
[SourceVersionDate "2017.10.13"]
[SourceQuality "1"]
[WhiteTeam "Graefelfing"]
[BlackTeam "Germering"]
[WhiteTeamCountry "GER"]
[BlackTeamCountry "GER"]

1. d4 Nf6 2. Nf3 d6 3. c4 g6 4. g3 Bg7 5. Bg2 0-0 6. 0-0 c6 7. Nc3 Nbd7 8. h3 Qc7 9. e4 e5 10. Be3 Re8 11. Qc2 b6 12. Rfd1 Bb7 13. Rac1 Rad8 14. d5 c5 15. Nh2 Re7 16. g4 h5 17. Bf3 hxg4 18. hxg4 Nh7 19. Nf1 Bc8 20. Ng3 Rf8 21. Kg2 Ndf6 22. Qe2 Qd7 23. Rh1 Nxg4 24. Bxg4 Qxg4 25. f3 Qd7 26. Rcg1 Rd8 27. Kf1 Nf8 28. Qh2 f6 29. Nf5 Qe8 30. Nxe7+ Qxe7 31. Bh6 a6 32. Bxg7 Qxg7 33. Ne2 f5 34. Ng3 fxe4 35. Nxe4 Bf5 36. Qh4 Bxe4 37. fxe4 Rd7 38. Ke1 b5 39. cxb5 axb5 40. Qh6 b4 41. Qxg7+ Kxg7 42. Kd2 Ra7 43. Ra1 Nh7 44. a3 bxa3 45. Rxa3 Rb7 46. Kc2 Nf6 47. Re1 g5 48. Ra6 Rd7 49. Kc3 g4 50. b4 cxb4+ 51. Kxb4 Kg6 52. Kb5 Kg5 53. Kc6 g3 54. Ra3 Kg4 55. Rg1 Rd8 56. Rgxg3+ Kh4 57. Rh3+ Kg5 58. Rag3+ Ng4 59. Rh1 Kf4 60. Rxg4+ Kxg4 61. Rf1 1-0

[Event "Landesliga Sued 1314"]
[Site "Bayern"]
[Date "2014.02.23"]
[Round "7.4"]
[White "Olbrich, Joachim"]
[Black "Eggerer, Stefan"]
[Result "1-0"]
[WhiteElo "2150"]
[BlackElo "2173"]
[PlyCount "79"]
[EventDate "2013.10.13"]
[EventType "team-tourn"]
[EventRounds "9"]
[EventCountry "GER"]
[SourceTitle "EXT 2015"]
[Source "ChessBase"]
[SourceDate "2014.11.20"]
[SourceVersion "1"]
[SourceVersionDate "2014.11.20"]
[SourceQuality "1"]
[WhiteTeam "Germering"]
[BlackTeam "Freising"]
[WhiteTeamCountry "GER"]
[BlackTeamCountry "GER"]

1. e4 e5 2. Bc4 Nf6 3. Qe2 Bc5 4. Nf3 0-0 5. d3 d6 6. Bg5 Be6 7. Nbd2 Nbd7 8. c3 Bxc4 9. Nxc4 Qe8 10. Ne3 Qe6 11. Nf5 d5 12. 0-0 Bb6 13. Ng3 c6 14. b3 a5 15. h3 Rad8 16. Rfe1 Rfe8 17. Rad1 Bc7 18. Rd2 b5 19. Be3 c5 20. Bg5 h6 21. exd5 Qxd5 22. Bxf6 Nxf6 23. Ne4 Qc6 24. Qe3 Nd5 25. Qxc5 Qxc5 26. Nxc5 Nxc3 27. Rc2 b4 28. Rec1 Bb6 29. Ne4 Bd4 30. Kf1 Re6 31. Ned2 Ra6 32. a4 bxa3 33. Rxc3 a2 34. Nxd4 exd4 35. Rc4 a4 36. b4 Re6 37. b5 a3 38. Ra4 Kh7 39. Rxa3 Rc8 40. Rxc8 1-0

[Event "Landesliga Sued 1213"]
[Site "Bayern"]
[Date "2012.12.09"]
[Round "4.8"]
[White "Olbrich, Joachim"]
[Black "Fehmer, Dirk"]
[Result "1-0"]
[WhiteElo "2052"]
[BlackElo "1951"]
[PlyCount "67"]
[EventDate "2012.10.14"]
[EventType "team-tourn"]
[EventRounds "9"]
[EventCountry "GER"]
[SourceTitle "EXT 2015"]
[Source "ChessBase"]
[SourceDate "2014.11.20"]
[SourceVersion "1"]
[SourceVersionDate "2014.11.20"]
[SourceQuality "1"]
[WhiteTeam "Germering"]
[BlackTeam "Haunstetten"]
[WhiteTeamCountry "GER"]
[BlackTeamCountry "GER"]

1. e4 e6 2. d4 d5 3. exd5 exd5 4. Nf3 Nc6 5. c4 Bb4+ 6. Nc3 Nf6 7. Bg5 Bg4 8. a3 Bxf3 9. Qxf3 Qe7+ 10. Qe3 Nxd4 11. 0-0-0 Qxe3+ 12. fxe3 Nb3+ 13. Kc2 Bxc3 14. Kxb3 dxc4+ 15. Bxc4 Be5 16. Rhf1 h6 17. Bh4 0-0 18. Rf5 Rfe8 19. g4 g6 20. Rf3 g5 21. Bg3 b5 22. Bf1 Bxg3 23. Rxg3 Rad8 24. Rxd8 Rxd8 25. Bxb5 Rb8 26. Ka4 Ne4 27. Rg2 Nd6 28. Bd3 Kg7 29. b4 f6 30. Rc2 Rb7 31. Ba6 Rb6 32. Rxc7+ Kf8 33. b5 Nc4 34. Rxc4 1-0

[Event "Regionalliga SO 1112"]
[Site "Bayern"]
[Date "2011.10.02"]
[Round "1.5"]
[White "Guenes, Erdogan"]
[Black "Olbrich, Joachim"]
[Result "1-0"]
[WhiteElo "1935"]
[BlackElo "2009"]
[PlyCount "125"]
[EventDate "2011.10.02"]
[EventType "team-tourn"]
[EventRounds "9"]
[EventCountry "GER"]
[SourceTitle "EXT 2013"]
[Source "ChessBase"]
[SourceDate "2012.11.22"]
[SourceVersion "1"]
[SourceVersionDate "2012.11.22"]
[SourceQuality "1"]
[WhiteTeam "Waldkraiburg"]
[BlackTeam "Graefelfing"]
[WhiteTeamCountry "GER"]
[BlackTeamCountry "GER"]

1. e4 d5 2. exd5 Qxd5 3. Nc3 Qd8 4. Bc4 e6 5. Nge2 c5 6. 0-0 Nf6 7. d3 Be7 8. f4 0-0 9. Ng3 a6 10. a4 Nc6 11. Be3 Nd4 12. Nce4 Nd5 13. Bxd5 Qxd5 14. c3 Nf5 15. Nxf5 exf5 16. Ng5 h6 17. Nf3 Be6 18. d4 Rfd8 19. dxc5 Bxc5 20. Bd4 Qe4 21. Qd2 Bd6 22. g3 Bb3 23. a5 Bc4 24. Rf2 Bc7 25. Re1 Qd5 26. b4 Bb5 27. Be5 Qc4 28. Nd4 Rac8 29. Re3 Bc6 30. Qa2 Qxa2 31. Rxa2 Be4 32. Bxc7 Rxc7 33. Kf2 Rdc8 34. Ra3 Rc4 35. Ke2 R4c7 36. Kd2 Rd7 37. Ra1 g6 38. g4 Rxd4+ 39. cxd4 Rc2+ 40. Kd1 Rc4 41. gxf5 Rxd4+ 42. Ke2 Bxf5 43. Kf3 Rxb4 44. h4 h5 45. Rc3 Rb2 46. Ke3 Rh2 47. Kd4 Rxh4 48. Ke5 Kg7 49. Rc7 Rh2 50. Rxb7 Re2+ 51. Kd6 Rf2 52. Ra7 Bd3 53. Ra3 Bb5 54. Ke5 Re2+ 55. Kd4 Rd2+ 56. Ke3 Re2+ 57. Kf3 Rc2 58. Kg3 Kf6 59. Rb7 Bf1 60. Rb6+ Kf5 61. Re3 Rg2+ 62. Kf3 f6 63. Ree6 1-0

[Event "Regionalliga SO 1011"]
[Site "Bayern"]
[Date "2010.10.24"]
[Round "2.4"]
[White "Olbrich, Joachim"]
[Black "Wahrlich, Andreas"]
[Result "1-0"]
[WhiteElo "1984"]
[BlackElo "2047"]
[PlyCount "139"]
[EventDate "2010.10.10"]
[EventType "team-tourn"]
[EventRounds "9"]
[EventCountry "GER"]
[SourceTitle "EXT 2012"]
[Source "ChessBase"]
[SourceDate "2011.11.24"]
[SourceVersion "1"]
[SourceVersionDate "2011.11.24"]
[SourceQuality "1"]
[WhiteTeam "Graefelfing"]
[BlackTeam "Waldkraiburg"]
[WhiteTeamCountry "GER"]
[BlackTeamCountry "GER"]

1. e4 Nf6 2. e5 Nd5 3. Bc4 e6 4. d4 d6 5. Nf3 Nb6 6. Bd3 Nc6 7. c3 dxe5 8. dxe5 Bd7 9. 0-0 Ne7 10. Nbd2 Bc6 11. Qe2 Ng6 12. Ne4 Nd7 13. Bg5 Be7 14. Bxe7 Qxe7 15. Ned2 Nf4 16. Qe3 Nxd3 17. Qxd3 Rd8 18. Qe3 Bxf3 19. Nxf3 Nb6 20. a4 a6 21. a5 Nd7 22. Ra4 Nc5 23. Rg4 g6 24. Ng5 h6 25. Ne4 Nxe4 26. Rxe4 Rd5 27. Rb4 c6 28. Qa7 Rd7 29. Qb8+ Qd8 30. Rxb7 0-0 31. Qxd8 Rfxd8 32. Rb6 Rd2 33. b4 c5 34. Rxa6 cxb4 35. cxb4 Rb8 36. Rd6 Ra2 37. Rd4 Rb5 38. f4 Ra4 39. Rc1 Kg7 40. Kf2 g5 41. g3 Kg6 42. Ke3 gxf4+ 43. gxf4 Kf5 44. Rc7 Ra3+ 45. Kd2 Kg6 46. Kc2 f6 47. Kb2 Raxa5 48. exf6 Kxf6 49. Kb3 Rb6 50. Rc6 Rb8 51. Rdd6 Ra1 52. Rxe6+ Kf5 53. Rf6+ Ke4 54. Rc4+ Kd3 55. Rd6+ Ke3 56. Kc2 Rh1 57. Rxh6 Ra8 58. Rh3+ Kf2 59. Kb2 Kg2 60. Rd3 Rha1 61. Rc2+ Kg1 62. Rc1+ Rxc1 63. Kxc1 Kxh2 64. b5 Rf8 65. b6 Rxf4 66. Rb3 Rf8 67. b7 Rb8 68. Kb2 Kg2 69. Ka3 Kf2 70. Ka4 1-0

[Event "Regionalliga SO 0910"]
[Site "Bayern"]
[Date "2009.12.13"]
[Round "4.7"]
[White "Roth, Peter2222"]
[Black "Olbrich, Joachim"]
[Result "1-0"]
[WhiteElo "1871"]
[BlackElo "1982"]
[PlyCount "113"]
[EventDate "2009.10.18"]
[EventType "team-tourn"]
[EventRounds "9"]
[EventCountry "GER"]
[SourceTitle "EXT 2011"]
[Source "ChessBase"]
[SourceDate "2010.11.26"]
[SourceVersion "1"]
[SourceVersionDate "2010.11.26"]
[SourceQuality "1"]
[WhiteTeam "Deggendorf"]
[BlackTeam "Graefelfing"]
[WhiteTeamCountry "GER"]
[BlackTeamCountry "GER"]

1. d4 Nf6 2. Nf3 d5 3. e3 e6 4. Bd3 Be7 5. 0-0 0-0 6. Nbd2 c5 7. dxc5 Bxc5 8. c4 Nc6 9. a3 a5 10. cxd5 exd5 11. Nb3 Bd6 12. Nbd4 Bg4 13. Be2 Qb8 14. g3 Ne4 15. Nb5 Bh3 16. Qxd5 Bxf1 17. Bxf1 Nxg3 18. Qxd6 Qxd6 19. Nxd6 Nxf1 20. Kxf1 Rfd8 21. Nb5 Rd1+ 22. Ke2 Rh1 23. b3 Rd8 24. Bb2 Rxa1 25. Bxa1 Rd5 26. Nbd4 Nxd4+ 27. Bxd4 Rb5 28. Nd2 Rh5 29. Bb6 Rxh2 30. Bxa5 g5 31. Nf3 Rh5 32. Bc7 g4 33. Nd4 Rd5 34. b4 h5 35. Bg3 Kg7 36. Kd3 Kg6 37. e4 Rd8 38. a4 Kg5 39. Ke3 h4 40. Bf4+ Kh5 41. Nf5 Rc8 42. Kd3 Rd8+ 43. Kc4 Rc8+ 44. Kb5 Rc2 45. Be3 Re2 46. Bc5 Rxe4 47. Kb6 Re5 48. Nxh4 Kxh4 49. Kxb7 f5 50. a5 f4 51. a6 Rxc5 52. bxc5 Kh3 53. a7 Kg2 54. a8Q Kxf2 55. c6 f3 56. c7 g3 57. c8Q 1-0

[Event "Oberliga Wuerttemberg 0708"]
[Site "Wuerttemberg"]
[Date "2008.04.06"]
[Round "8.3"]
[White "Olbrich, Joachim"]
[Black "Gheng, Josef"]
[Result "1-0"]
[WhiteElo "2166"]
[BlackElo "2326"]
[PlyCount "75"]
[EventDate "2007.10.07"]
[EventType "team-tourn"]
[EventRounds "9"]
[EventCountry "GER"]
[SourceTitle "EXT 2018"]
[Source "ChessBase"]
[SourceDate "2017.10.13"]
[SourceVersion "1"]
[SourceVersionDate "2017.10.13"]
[SourceQuality "1"]
[WhiteTeam "Stuttgart SF II"]
[BlackTeam "Boeblingen"]
[WhiteTeamCountry "GER"]
[BlackTeamCountry "GER"]

1. e4 e5 2. Nf3 d6 3. Bc4 Be7 4. c3 Nf6 5. Qe2 0-0 6. d3 Be6 7. Nbd2 Nh5 8. Nf1 g6 9. Bh6 Re8 10. Bxe6 fxe6 11. Qd2 Nc6 12. Ng3 Nxg3 13. hxg3 Bf6 14. 0-0-0 Re7 15. Nh2 Rf7 16. Ng4 Qe7 17. f3 a5 18. Be3 Bg7 19. Rh2 d5 20. Rdh1 h5 21. Bg5 Qc5 22. Nh6+ Bxh6 23. Bxh6 Rh7 24. Rxh5 Kf7 25. R5h4 d4 26. f4 dxc3 27. bxc3 Rd8 28. fxe5 Nxe5 29. d4 Qa3+ 30. Kb1 Nc4 31. Qf2+ Kg8 32. Rg4 Ne5 33. Qf6 Qf8 34. Qxe6+ Qf7 35. Qxe5 Rxh6 36. Rxh6 Qf1+ 37. Kb2 Qe2+ 38. Ka3 1-0

[Event "Oberliga Wuerttemberg 0708"]
[Site "Wuerttemberg"]
[Date "2008.02.10"]
[Round "6.5"]
[White "Olbrich, Joachim"]
[Black "Schmidt, Olaf"]
[Result "0-1"]
[WhiteElo "2166"]
[BlackElo "2187"]
[PlyCount "104"]
[EventDate "2007.10.07"]
[EventType "team-tourn"]
[EventRounds "9"]
[EventCountry "GER"]
[SourceTitle "EXT 2018"]
[Source "ChessBase"]
[SourceDate "2017.10.13"]
[SourceVersion "1"]
[SourceVersionDate "2017.10.13"]
[SourceQuality "1"]
[WhiteTeam "Stuttgart SF II"]
[BlackTeam "Tuebingen"]
[WhiteTeamCountry "GER"]
[BlackTeamCountry "GER"]

1. e4 d6 2. Bc4 Nf6 3. Nc3 g6 4. d4 Nxe4 5. Nxe4 d5 6. Bd3 dxe4 7. Bxe4 Bg7 8. Be3 Nd7 9. Qf3 Rb8 10. c3 0-0 11. Ne2 Nf6 12. Bc2 b6 13. Kf1 Bb7 14. Qh3 Qd7 15. Qxd7 Nxd7 16. f3 Rbc8 17. Kf2 c5 18. Rhd1 cxd4 19. Nxd4 Ne5 20. Bg5 Nc4 21. Rab1 Rfd8 22. Bxe7 Rd7 23. Bg5 Nxb2 24. Rxb2 Rxc3 25. Be3 Rc4 26. Bb3 Rdxd4 27. Bxc4 Rxd1 28. Rc2 Be5 29. f4 Bb8 30. Bd2 Bd6 31. Be3 Be4 32. Rb2 Bd3 33. Bd5 Rf1+ 34. Kg3 g5 35. Bf3 Bc4 36. Rc2 Be6 37. h4 gxf4+ 38. Bxf4 Bxf4+ 39. Kxf4 Ra1 40. Ke5 Rxa2 41. Rc3 b5 42. Kf6 Ra6 43. Ke5 b4 44. Rd3 b3 45. Be4 h6 46. g4 Kg7 47. g5 Ra5+ 48. Kf4 Ra4 49. gxh6+ Kxh6 50. Ke5 Rxe4+ 51. Kxe4 b2 52. Rd1 Ba2 0-1

[Event "Oberliga Wuerttemberg 0708"]
[Site "Wuerttemberg"]
[Date "2007.12.09"]
[Round "4.4"]
[White "Bauer, Eckart"]
[Black "Olbrich, Joachim"]
[Result "1-0"]
[WhiteElo "2187"]
[BlackElo "2166"]
[PlyCount "101"]
[EventDate "2007.10.07"]
[EventType "team-tourn"]
[EventRounds "9"]
[EventCountry "GER"]
[SourceTitle "EXT 2018"]
[Source "ChessBase"]
[SourceDate "2017.10.13"]
[SourceVersion "1"]
[SourceVersionDate "2017.10.13"]
[SourceQuality "1"]
[WhiteTeam "Rommelshausen"]
[BlackTeam "Stuttgart SF II"]
[WhiteTeamCountry "GER"]
[BlackTeamCountry "GER"]

1. g3 d5 2. f4 c5 3. Bg2 Nc6 4. Nf3 Nf6 5. d3 e6 6. 0-0 Bd6 7. c3 0-0 8. Qe1 e5 9. e4 dxe4 10. dxe4 c4 11. Kh1 b5 12. Qe2 Bb7 13. Nh4 Re8 14. Rd1 Qc7 15. f5 Nd7 16. Be3 Be7 17. b3 cxb3 18. axb3 a6 19. Qf2 Rad8 20. Bf3 Ncb8 21. c4 Nc5 22. Rxd8 Rxd8 23. Qc2 bxc4 24. Qxc4 Bxh4 25. Qxc5 Qxc5 26. Bxc5 Rd3 27. Kg2 Bd8 28. b4 Nd7 29. Ra3 Nxc5 30. bxc5 Rxa3 31. Nxa3 Be7 32. Nc4 f6 33. Na5 Bc8 34. c6 Kf8 35. Be2 Ke8 36. Nb7 Bxb7 37. cxb7 Bd6 38. Bxa6 Kd8 39. Bc4 Kc7 40. Bd5 Kb6 41. Kf3 Kc5 42. g4 Kd4 43. g5 fxg5 44. Kg4 h6 45. Kh5 Ke3 46. Kg6 g4 47. Kxg7 h5 48. f6 h4 49. Be6 g3 50. hxg3 hxg3 51. Bh3 1-0